| 000 | 01301nam a22002897a 4500 | ||
|---|---|---|---|
| 005 | 20170124102940.0 | ||
| 010 | _a438419 | ||
| 020 | _c2.50 | ||
| 035 | _a438419 | ||
| 037 | _bCen Lib/Ret | ||
| 040 |
_aDPL _bHN |
||
| 082 |
_a821.08 _bहरिश |
||
| 100 |
_aहरिशचन्द्र, भारतेन्दु _944241 |
||
| 245 |
_aप्रेममाधुरी और स्फुट कविताएं / _cभारतेन्दु हरिशचन्द्र; संपादक रणधीर सिन्हा [और] भूषण स्वामी |
||
| 246 |
_aPrem madhuri aur sfut kavitayen / _bby Bhartendu Harishchandra; sampadak Randhir Sinha [aur] Bhushan Swami |
||
| 250 | _a2nd ed | ||
| 260 |
_aदिल्ली _bहिन्दी साहित्य संसार _c1966 |
||
| 270 |
_bदिल्ली _e110006 |
||
| 300 |
_a179पृ. _c16सेमी (सजिल्द) |
||
| 650 |
_aहिन्दी साहित्य _948219 |
||
| 650 |
_aकविताएं _948220 |
||
| 650 |
_aHindi literature _948221 |
||
| 650 |
_aPoetry _948222 |
||
| 700 |
_aसिन्हा, रणधीर _948223 |
||
| 700 |
_a स्वामी, भूषण _948224 |
||
| 942 |
_2ddc _cHN _h821.08 _mहरिश |
||
| 999 |
_c112569 _d112569 |
||